[Event "London Classic 2nd"]
[Site "London"]
[Date "2010.12.09"]
[Round "2"]
[White "Short, Nigel D"]
[Black "McShane, Luke J"]
[Result "0-1"]
[WhiteElo "2680"]
[BlackElo "2645"]
[Annotator "Rogozenco,D"]
[PlyCount "104"]
[EventDate "2010.12.06"]
[EventType "tourn"]
[EventRounds "7"]
[EventCountry "ENG"]
[EventCategory "19"]
[SourceTitle "CBM 140"]
[Source "ChessBase"]
[SourceDate "2011.01.18"]
[SourceVersion "1"]
[SourceVersionDate "2011.01.18"]
[SourceQuality "1"]

1. e4 c5 2. Nf3 d6 3. d4 cxd4 4. Nxd4 Nf6 5. Nc3 g6 {With the black pieces
McShane had never played Dragon before, so this was his "secret weapon" for
the London Classic 2011. It brought Luke good results in the tournament: 1.5
points out of 2, although it could easily be considerably less - in both games
Black's position looked bad.} 6. Be3 Bg7 7. f3 O-O 8. Qd2 Nc6 9. g4 {This is
actually quite a problematic move for Dragon players, since it is relatively
little studied and there is no clear way for Black to equalise. Short has
played it before with some success.} Be6 ({It is known that after} 9... Nxd4
10. Bxd4 Be6 {White continues} 11. h4 $1 {with better prospects, since Black
cannot play} d5 $2 {due to} 12. g5 Nh5 13. Bxg7 Kxg7 14. exd5 {winning a pawn.}
) ({Another option} 9... Bd7 {leads after} 10. h4 Ne5 11. h5 Rc8 12. O-O-O {
to a theoretical variation in White's favour. The game Short,N (2684)-Bu
Xiangzhi (2620)/Taiyuan 2004 continued:} Qa5 13. Nb3 Qc7 14. Be2 $1 b5 15. Kb1
b4 16. Nd5 Nxd5 17. exd5 a5 {and here instead of 18.Bh6? White was able to
keep the advantage with} 18. Nd4) 10. Nxe6 $1 {Restricts most of Black's
options.} ({If now} 10. h4 {then Black already can continue} d5 $1 {with
sufficient counterplay in the centre.}) ({The main line, however, goes} 10.
O-O-O Nxd4 11. Bxd4 Qa5 {which McShane was ready to play. After} 12. a3 Rab8 $1
13. h4 b5 {Black probably keeps sufficient counterchances.}) 10... fxe6 11.
O-O-O {A critical position for the variation 9.g4, since here Black faces an
important choice.} Rc8 {As the game shows, this doesn't solve Black's opening
problems.} (11... Ne5 12. Be2 Rc8 (12... Qc8 $5) 13. Nb5 a6 (13... Nfd7 14. f4
Nc4 15. Bxc4 Rxc4 16. e5 $16 {1-0 Navara,D (2722)-Leon Hoyos,M (2579)/Khanty
Mansiysk 2010 (34)}) 14. Nd4 Qd7 15. Kb1 d5 16. g5 Nh5 17. f4 Nc4 18. Bxc4 dxc4
19. e5 (19. Qb4 $5) 19... Qd5 20. Ne2 (20. Qb4 $5) 20... Qg2 21. Rdg1 Qd5 22.
Qc1 b5 23. Ng3 b4 24. Rd1 Qb7 25. Nxh5 gxh5 26. Qd2 Rcd8 27. Qe2 Qe4 28. Rhe1
b3 29. Rd2 Rd5 30. Ka1 Rfd8 31. Rxd5 Qxd5 32. cxb3 cxb3 33. Rc1 h4 34. Qc4 bxa2
35. Qxd5 Rxd5 36. h3 Kf7 37. Kxa2 h6 38. Rg1 {1/2-1/2 Ponomariov,R (2749)
-Radjabov,T (2748)/Khanty Mansiysk 2010}) (11... d5 12. g5 Nxe4 13. Nxe4 dxe4
14. Qxd8 Raxd8 15. Rxd8 Rxd8 16. fxe4 Bd4 {+/=/=, 1-0 Pereira,R (2278)
-Teixeira,R (2076)/Lisbon 2006 (49)}) (11... Qa5 12. Bc4 $1 $16) 12. Bc4 Qd7
13. Bb3 (13. h4 $5 Ne5 14. Be2 {and Black's extra tempo compared with the
variation 11...Ne5 (the queen on d7 instead of d8) is hardly an important
factor itself, since on a5 the queen is more active than on d7. Nevertheless
after} b5 $1 {Black gets some counterplay.}) 13... Na5 (13... Ne5 14. Qe2 $16)
14. h4 Nc4 (14... Nxb3+ 15. axb3 (15. cxb3 $5 Qc6 16. Bd4) 15... Qc6 16. Bd4
$14 (16. Bh6 Bxh6 17. Qxh6 Qc5 {1/2-1/2 Lorentzen,O (2452)-Lilleoren,M (2507)/
ICCF email 2007} 18. Kb1 $13) (16. h5 Nd7 17. hxg6 hxg6 18. Qh2 Rxf3 19. Qh7+
Kf7 20. Bh6 (20. Rdf1 Rf6 21. g5 Nf8 22. Qh2 Rxf1+ 23. Rxf1+ Ke8 $17) 20... Rg8
21. Rdf1 Rf6 22. Bxg7 (22. g5 $2 Nf8) 22... Rxg7 23. Qh3 g5 $13 {/=})) 15. Qd3
{A somewhat unexpected move, which, however has been played before by the
Hungarian GM Zoltan Varga. White prefers to keep his light-squared bishop
alive.} ({Critical is also} 15. Bxc4 Rxc4 {Then after} 16. h5 Rfc8 17. hxg6
hxg6 18. Bh6 Bh8 (18... b5 $2 19. Bxg7 Kxg7 20. Qh6+ Kf7 21. e5 $18) (18... Qc6
19. Bxg7 Kxg7 20. Qh6+ Kf7 21. Rd3 $1 Qc5 22. g5 Nh5 23. Qh7+ Ng7 24. f4 $1
Rxe4 25. Rdh3 $1 {threatening 26.Qxg7!} e5 26. Rh6 $18) 19. Qh2 Kf7 20. Be3 {
Black can choose between} Rxc3 $5 (20... b5 $2 21. e5) 21. bxc3 Qa4 {or 20...
Bg7, although White is probably somewhat better in both cases.}) (15. Qe2 $5 {
(Golubev) with the idea} Nxb2 16. Kxb2 Rxc3 17. Bd4 $36) 15... Qc6 $146 (15...
b5 16. Bd4 Qc6 17. h5 $16 Nd7 (17... g5 18. h6 $16) 18. hxg6 hxg6 19. Bxg7 Kxg7
20. f4 a5 21. e5 d5 22. Qg3 a4 23. Qh4 Kf7 24. Qh7+ Ke8 25. Qxg6+ Kd8 26. Bxc4
Qxc4 27. Qxe6 b4 {1-0 Varga,Z (2475)-Kloepfer,M (2195)/Altensteig 1993}) ({
The computer recommends} 15... Nxb2 16. Kxb2 Nd5 ({or} 16... Nxg4 17. fxg4 Rxc3
18. Qxc3 Bxc3+ 19. Kxc3) 17. exd5 Rxc3 18. Qxc3 Bxc3+ 19. Kxc3 Rxf3 {
evaluating the position as acceptable for Black. A rook and two bishops for
the queen is a lot and for a human the position appears clearly better for
White. Nevertheless due to the exposed king on c3 it is not easy to prove
White's advantage. A possible line is:} 20. dxe6 Qc6+ 21. Kd2 a5 22. a4 Qe4 23.
Bh6 Qb4+ 24. Kc1 Rxb3 25. cxb3 Qc3+ $11) 16. Ne2 ({After} 16. h5 Nd7 17. hxg6 {
Black must continue} Rxf3 $1 $132 (17... hxg6 {is weaker:} 18. f4 $40)) 16...
Nd7 17. Nd4 Qa6 (17... Bxd4 18. Bxd4 a5 {gives Black certain counterplay,
although it is not easy to give up the bishop.}) 18. f4 ({Black's life isn't
easy after} 18. h5 $1 Nde5 19. Qe2 Nxf3 20. hxg6 hxg6 21. c3 (21. Nxf3 {
leads to some wild variations which might end again with a rook and two
bishops versus the queen:} Bxb2+ 22. Kb1 Na3+ 23. Kxb2 Qxe2 24. Bxe6+ Rf7 25.
Bd4 Rxc2+ 26. Kxa3 Qxf3+ 27. Kb4 a5+ 28. Ka4 Rxa2+ 29. Bxa2 e5 30. Rhf1 Qxe4
31. Rxf7 Qc6+ 32. Ka3 d5 33. Bxe5 Qc5+ 34. Kb2 Qb6+ 35. Bb3 Kxf7 36. Rxd5 {
and Black must struggle a lot in order to survive.}) 21... Nxd4 22. Bxd4 e5 23.
Be3 $16 ({or} 23. Bxa7 $5)) (18. Qe2 Ndb6 $5 {[%cal Gb6a4]}) 18... e5 (18... d5
19. exd5 ({The positionally sound advance} 19. e5 {doesn't work for tactical
reasons:} Nc5 20. Qc3 (20. Qe2 Nxb3+ $19) 20... Na5 21. Qb4 Naxb3+ 22. axb3
Qa1+ 23. Kd2 Ne4+ 24. Ke1 Qxb2 $17) 19... exd5 20. Kb1 $14) 19. fxe5 $1 (19.
Ne6 exf4 20. Nxf8 Bxb2+ 21. Kb1 Kxf8 {leaves Black with counterplay against
the king.}) 19... Ndxe5 20. Qe2 Kh8 21. h5 gxh5 22. g5 $2 {This move spoils a
great game from Nigel Short,} ({After} 22. Rxh5 $1 {Black is in troubles, since
} Nxe3 {runs into} 23. Qh2 $1 {with the decisive attack:} (23. Qxe3 Rf1 $1 24.
Rh1 Qd3 $1 {is the variation calculated by Short during the game, which wins
for Black.}) 23... N5c4 ({or} 23... d5 24. Rxh7+ Kg8 25. Bxd5+ Nxd5 26. Rxg7+
Kxg7 27. Qxe5+ {and so on.} Nf6 28. Nf5+ Kg8 29. Nxe7+ Kf7 30. Nxc8 Rxc8 31. g5
$18) 24. Rh1 $1 d5 (24... Rf1+ 25. Rxf1 Nxf1 26. Rxh7+ Kg8 27. Rxg7+ $1 Kxg7
28. Ne6+ Kf6 29. Qf2+ Kxe6 30. Qf5#) 25. Rxh7+ Kg8 26. Rxg7+ Kxg7 27. Qh7+ Kf6
28. Rh5 $18) 22... Ng4 {Typically for such sharp positions a mistake can turn
the tables and change the evaluation completely.} 23. Bg1 Nce3 24. Qxa6 ({
Another possibility to defend a slightly inferior endgame} 24. Bxe3 Qxe2 25.
Nxe2 Nxe3 26. Rdg1 Nc4 27. c3 Rf2 28. Bd1 $15) 24... bxa6 {The exchange of
queens means Black's triumph. Although normally White should be able to keep
the balance, the shock must have been too big and Short makes soon another
mistake, failing to put up proper resistance.} 25. Bxe3 Nxe3 26. Rd3 Bxd4 27.
Rxd4 Rc5 (27... Kg7 28. e5 $1 $15) 28. Rd3 $2 {This is just a blunder.} (28.
Rxh5 Rf1+ ({After} 28... Rf2 {White has} 29. Rb4 $1 Kg7 (29... Nxc2 $4 30. Rb8+
Kg7 31. Rg8#) 30. Rb8 $11) 29. Kd2 Nxc2 30. Rc4 $1 {when the draw is the most
likely outcome.}) 28... Ng2 $1 {This small tactical trick helps Black to
relocate the knight to the perfect square f4 and keep alive the extra pawn on
h5.} 29. Rg3 Nf4 30. Kd2 Re5 $6 {With both players being short of time
inaccuracies are inevitable.} (30... Kg7 $142) 31. Re1 $2 (31. Ke3 Kg7 32. Rh4
Ng6 33. Rxh5 Rf4 34. Bd5 e6 35. Bb7 (35. Rh6 exd5 36. Rxg6+ Kxg6 37. Kxf4 dxe4
$19 (37... Rxe4+ $2 38. Kf3 $15)) 35... d5 36. Bxa6 Rexe4+ 37. Kd2 Rf2+ 38. Kc3
$17) 31... Kg7 32. Ke3 Kg6 $19 {Now White loses the second pawn and the rest
is just agony.} 33. c3 Rxg5 34. Rxg5+ Kxg5 35. Rg1+ Kh6 36. e5 dxe5 37. Ke4 Ng6
38. Bc4 a5 39. Kd5 Rf2 40. b4 axb4 41. cxb4 h4 42. a4 h3 43. a5 h2 44. Rh1 Kg5
45. b5 Kg4 46. b6 axb6 47. a6 Kg3 48. a7 Rf8 49. Kc6 Nf4 50. Ra1 e4 51. Ba6 Nh3
52. Bb7 Ng1 0-1

[Event "EU-ch 4th"]
[Site "Istanbul"]
[Date "2003.06.08"]
[Round "9"]
[White "Naiditsch, Arkadij"]
[Black "Guseinov, Gadir"]
[Result "0-1"]
[WhiteElo "2588"]
[BlackElo "2505"]
[Annotator "Rogozenco,D"]
[PlyCount "78"]
[EventDate "2003.05.30"]
[EventType "swiss"]
[EventRounds "13"]
[EventCountry "TUR"]
[SourceTitle "CBM 096"]
[Source "ChessBase"]
[SourceDate "2003.09.25"]
[SourceVersion "1"]
[SourceVersionDate "2003.09.25"]
[SourceQuality "1"]

1. e4 c5 2. Nf3 d6 3. d4 cxd4 4. Nxd4 Nf6 5. Nc3 g6 6. Be3 Bg7 7. f3 O-O 8. Qd2
Nc6 9. O-O-O d5 10. Kb1 Rb8 $5 11. Ndb5 (11. Nb3 dxe4 {leads to White's slight
plus in endgame after} 12. Qxd8 Rxd8 13. Rxd8+ Nxd8 14. Bxa7 Ra8 15. Bb6 Bf5 {
although Black has reasonable chances for counterplay here too.}) 11... a6 12.
Na7 e6 13. h4 $6 $146 {White doesn't have time for attack yet, since both the
center and the queenside will soon be open.} (13. exd5 Nxd5 $5 14. Nxd5 exd5
15. Qxd5 Qf6 16. Qb3 Be6 $44) 13... Qc7 14. exd5 (14. h5 $2 d4 15. Bxd4 Nxd4
16. Qxd4 Nxh5 $17) 14... Nxd5 15. Nxd5 exd5 16. Nxc6 (16. Qxd5 $4 Rd8 $19)
16... bxc6 $15 {/-/+} 17. Bd4 Bxd4 18. Qxd4 c5 19. Qd2 (19. Qxd5 Be6 20. Qg5 (
20. Qd2 Rfd8 21. Qe1 (21. Qc1 Bxa2+ $1 22. Kxa2 Qa5+ 23. Kb1 Rxb2+ $1 $19)
21... Qa5 22. b3 Rxd1+ 23. Qxd1 c4 $40) 20... Rb6 21. h5 Rfb8 22. b3 c4 $132)
19... Be6 20. h5 d4 21. c4 (21. Qh6 Rb7 $17) 21... Rb4 $1 22. b3 a5 {White is
practically lost. Black's attack is unstoppable, while White cannot create
threats.} 23. Re1 $2 (23. Bd3 a4 24. Kc2 {was the only way to keep the
position for a while. Black has many possibilities, but no forced win yet.})
23... a4 24. hxg6 Bf5+ 25. Bd3 Bxd3+ 26. Qxd3 fxg6 27. Re2 (27. Kc2 Qa7 28. Kb2
(28. Ra1 Re8 $19) 28... Rfb8 $19) 27... axb3 28. a3 (28. axb3 Rfb8 29. Rb2 Qb6
30. Kc2 Re8 $19 {[%cal Ge8e3,Ge3c3]}) 28... Ra4 29. Kb2 Qf7 $19 {[%csl Ra3,Rb2,
Rc4] Too many weaknesses.} 30. Rc1 Rfa8 31. Qxb3 Qa7 32. Rce1 (32. Ra1 Rb8 $19)
32... Rxa3 33. Re8+ Rxe8 34. Rxe8+ Kf7 35. Qb5 Ra2+ 36. Kb1 Ra1+ 37. Kc2 Qa2+
38. Kd3 Rd1+ 39. Ke4 Qe2+ 0-1

[Event "EU-ch 4th"]
[Site "Istanbul"]
[Date "2003.05.30"]
[Round "1"]
[White "Movsesian, Sergei"]
[Black "Belov, Vladimir"]
[Result "1-0"]
[WhiteElo "2659"]
[BlackElo "2549"]
[Annotator "Rogozenco,D"]
[PlyCount "57"]
[EventDate "2003.05.30"]
[EventType "swiss"]
[EventRounds "13"]
[EventCountry "TUR"]
[SourceTitle "CBM 096"]
[Source "ChessBase"]
[SourceDate "2003.09.25"]
[SourceVersion "1"]
[SourceVersionDate "2003.09.25"]
[SourceQuality "1"]

1. e4 c5 2. Nc3 d6 3. Nge2 Nf6 4. g3 Nc6 5. d4 cxd4 6. Nxd4 Bg4 7. f3 Bd7 8.
Be3 g6 9. Qd2 Bg7 10. O-O-O Rc8 11. g4 O-O {After unusual move order, we reach
one of the main positions from the one 9.0-0-0 in the Dragon.} 12. Kb1 (12. h4
Ne5 13. h5 Qa5 14. Nb3 Qc7 15. Be2 b5 16. hxg6 $2 (16. Kb1 $1) 16... fxg6 17.
Kb1 b4 18. Nd5 Nxd5 $17 {Compare this position with the one from the main game
after 17...Nxd5.} 19. Qxd5+ (19. exd5 Nxf3 $17) 19... e6 20. Qd2 Nxf3 $17 {
0-1 Morozevich,A-Fedorov,A/Krasnodar 1997 (27)}) 12... Ne5 13. h4 Qa5 14. Nb3
Qd8 (14... Qc7 15. g5 Nh5 16. Nd5 Qd8 $14) 15. Be2 b5 16. h5 b4 17. Nd5 {
By simple comparison with the position from the above-given game
Morozevich-Fedorov (position after 18.Nd5 there), it becomes clear that here
White has an advantage. First of all White is a tempo up, the queen is much
worse on d8 than on c7, of course. Secondly White didn't open the f-file by
early and wrong h5xg6.} Nxd5 18. exd5 Qc7 19. Rc1 Rfe8 $2 (19... a5 20. Nd4 $14
) 20. hxg6 {Especially good after Black's previous move.} fxg6 21. Rh2 $16 a5
22. Rch1 a4 23. Nd4 a3 24. Rxh7 axb2 25. Bh6 {No wonder White is the first one
to create decisive threats.} Bf6 (25... Kxh7 26. Bxg7+ Kxg7 27. Qh6+ Kf7 28.
Qh7+ Kf6 29. g5+ Kxg5 30. Qh4#) 26. Bg7 $1 Nc4 (26... Bxg7 27. Rxg7+ Kxg7 28.
Qh6+ {see 25...Kxh7.}) 27. Bxc4 Bxg7 28. Rxg7+ Kxg7 29. Ne6+ (29. Ne6+ Bxe6 30.
Qd4+ Kf8 31. dxe6 {and mate next.} (31. Rh8+ $2 Bg8)) 1-0

[Event "Corus"]
[Site "Wijk aan Zee"]
[Date "2001.01.16"]
[Round "3"]
[White "Shirov, Alexei"]
[Black "Fedorov, Alexei"]
[Result "1/2-1/2"]
[WhiteElo "2718"]
[BlackElo "2575"]
[Annotator "Rogozenco,D"]
[PlyCount "88"]
[EventDate "2001.01.13"]
[EventType "tourn"]
[EventRounds "13"]
[EventCountry "NED"]
[EventCategory "19"]
[SourceTitle "CBM 081"]
[Source "ChessBase"]
[SourceDate "2001.03.20"]
[SourceVersion "1"]
[SourceVersionDate "2001.03.20"]
[SourceQuality "1"]

1. e4 c5 2. Nf3 d6 3. d4 cxd4 4. Nxd4 Nf6 5. Nc3 g6 6. Be3 Bg7 7. f3 Nc6 8. Qd2
O-O 9. O-O-O d5 10. exd5 Nxd5 11. Nxc6 bxc6 12. Bd4 Bxd4 13. Qxd4 Qc7 14. Bc4 {
Both players are stubborn in repeating their openings and some particular
lines they played before. In Batumi 1999 same opponents played exactly the
same variation. Lately White achieved very convincing victories after 14.Qc5,
but Shirov prefers his "own" 14.Bc4, even knowing that Black was scoring quite
well after that in practice (one must say that the opening positions were
quite good for White though).} (14. Qc5 Nxc3 15. Qxc3 Be6 16. Bd3 c5 17. h4 c4
18. Be4 Rad8 19. h5 g5 20. h6 f6 21. a3 Bf7 22. Rhe1 Qg3 23. Qa5 Qf4+ 24. Kb1
Rxd1+ 25. Rxd1 g4 26. Qxa7 c3 27. Qxe7 Qxh6 28. b3 f5 29. Bxf5 gxf3 30. gxf3
Qb6 31. Bxh7+ {1-0 Svidler,P-Fedorov,A/Shenyang 2000}) 14... Nb6 15. Be2 Be6
16. Qc5 Rfb8 (16... Rab8 17. g3 Nc8 $6 18. f4 $14 {/+/-. 0-1 Rytshagov M.
-Salmensuu O./Finland 2000/ (33)}) 17. g3 Qb7 18. b3 Nd5 {Finally Fedorov
deviates from the above mentioned game.} (18... a5 19. a4 Nd5 20. Ne4 Nb4 21.
Bc4 Bd5 {was close to equal, although White can pretend having a slight edge.
1/2-1/2 Shirov,A-Fedorov,A/Batumi 1999 (39)}) 19. Rd4 (19. Ne4 Nb4 20. Kb2 Nxa2
$40) 19... Nxc3 20. Qxc3 a5 21. h4 $1 h6 (21... a4 22. h5 axb3 23. axb3 g5 24.
h6 $16) 22. Ra4 {stopping a4. White is better and in a short time Shirov
achieves an winning position.} (22. h5 g5 23. f4) 22... Qb6 23. h5 g5 24. f4 {
That is the problem for Black - while White opens the position against his
King, he is not able to do same against white monarch.} Qf2 (24... gxf4 25.
gxf4 $18) (24... g4 25. f5 (25. Qe5 {[%cal Gf4f5]} Qf2 26. f5 $18) 25... Bxf5
26. Bxg4 $18) 25. fxg5 hxg5 26. Bf3 (26. h6 f6 27. Bc4 $5) 26... Qxg3 27. h6 f6
28. Re1 $1 $18 Qd6 29. Rae4 Bf5 (29... Bd5 30. Rxe7 Qf4+ 31. R1e3 Bxf3 32. Qd3
$18) 30. Rxe7 a4 31. Qc4+ Kh8 32. Qf7 (32. Qxc6 Qxc6 33. Bxc6 Ra6 34. Bxa4 {
must be the easiest way to win.}) 32... Rg8 $2 (32... Qa3+ 33. Kb1 (33. Kd2
Rd8+ 34. Ke2 Qxe7+ 35. Qxe7 Re8 36. Kd2 Rxe7 37. Rxe7 $13) 33... Bxc2+ $1 34.
Ka1 (34. Kxc2 Qxa2+ $40) 34... Qxa2+ $1 35. Kxa2 Bxb3+ 36. Ka1 Bxf7 37. Rxf7
Rf8 {and after swaping a pair of Rooks there is a draw.}) 33. Re8 $2 {Having
got a totally winning position, Shirov misses Black's tactics in the end. In
such sharp position it is often the case.} (33. h7 $18) (33. Be4 $18) 33...
Qf4+ 34. Kb1 Bxc2+ $1 35. Kxc2 axb3+ 36. Kc3 (36. axb3 Ra2+ 37. Kb1 Rb2+ $1 $11
{and there is a draw!} 38. Ka1 Ra2+ 39. Kxa2 Qd2+ 40. Ka3 Qa5+ 41. Kb2 Qd2+ 42.
Kb1 Qd3+ 43. Kc1 Qc3+ 44. Kd1 Qd3+ $11) 36... Raxe8 37. Rxe8 Qxf3+ 38. Kb4 Qf4+
39. Kxb3 Qf3+ 40. Kb4 c5+ 41. Kb5 Qd3+ 42. Kb6 Qb1+ 43. Kc6 Qh1+ 44. Kc7 Qh2+
1/2-1/2

[Event "YUG-ch53"]
[Site "Belgrade "]
[Date "1998.03.21"]
[Round "8"]
[White "Popovic, Petar"]
[Black "Markovic, Miroslav"]
[Result "0-1"]
[WhiteElo "2525"]
[BlackElo "2540"]
[Annotator "Rogozenco,D"]
[PlyCount "60"]
[EventDate "1998.03.14"]
[EventType "tourn"]
[EventRounds "15"]
[EventCountry "YUG"]
[EventCategory "10"]
[SourceTitle "CBM 064"]
[Source "ChessBase"]
[SourceDate "1998.06.02"]
[SourceVersion "1"]
[SourceVersionDate "1998.06.02"]
[SourceQuality "1"]

1. e4 {Schulz,A} c5 2. Nf3 d6 3. d4 cxd4 4. Nxd4 Nf6 5. Nc3 g6 6. Be3 Bg7 7. f3
O-O 8. Qd2 Nc6 9. O-O-O d5 10. exd5 Nxd5 11. Nxc6 bxc6 12. Bd4 Bxd4 (12... e5
13. Bc5 $14) ({Die Hauptvariante ist} 12... e5 {Schulz,A}) 13. Qxd4 Qb6 {
Schulz: Über den Wert dieses Abspiels ist derzeit noch kein endgültiges Urteil
gefällt.} 14. Na4 (14. Qxb6 axb6 $11) (14. Nxd5 cxd5 {It seems that Black is
OK here.}) 14... Qa5 15. b3 Bf5 (15... Be6 $5 16. Qd2 Qc7 17. Nc5 Qd6 $13 {
Korneev-Aronian, Omsk, 1996}) 16. Qd2 (16. Qc5 Qxc5 17. Nxc5 Nc3 18. Re1 Nxa2+
19. Kb2 Nb4 20. Rxe7 Rfe8 {Korneev-Summerscale, Groningen, 1995} (20... Rfe8 {
Schulz,A} 21. Rxe8+ Rxe8 $11 {1/2-1/2 Korneev,O-Summerscale,A/Groningen op
1995/EXP 50 (58)})) (16. g4 $5 Be6 17. Qe5 {Herrera-Hernandez, Havana, 1993}) (
16. c4 $2 {Schulz,A} Nb4 $17) 16... Qc7 17. g4 {Schulz: ? Der Läufer auf f5
ist lästig, aber Weiß schwächt doch seine Stellung durch diesen Zug sehr.} (17.
Bd3 {Schulz,A}) 17... Be6 18. Bd3 $6 (18. Nc5 Qd6 (18... Qe5 19. Qd4) (18...
Rad8 {Schulz,A} 19. Nxe6 fxe6 $17 {[%csl Rf3][%cal Yf8f3,Yc7f4]}) 19. Nxe6 Qxe6
$11) 18... Rad8 19. Rhe1 (19. c4 Nf4 $15) 19... c5 $15 {White has too many
weeknesses, while Black has a clear plan to improve his position.} 20. Kb2 (20.
Qf2 Qf4+ 21. Rd2 (21. Kb1 Bxg4 $17) 21... c4 $36 22. Re4 $140 $2 Qf6 $19) 20...
c4 21. Be4 (21. Bxc4 Nb6 $17 (21... Nb6 {Schulz,A} 22. Bd3 Nxa4+ 23. bxa4 Rd4
$17)) 21... Nb6 22. Qb4 Nxa4+ 23. Qxa4 Rxd1 24. Rxd1 c3+ {Schulz: Der
Sargnagel.} (24... Rc8 {Schulz,A /\25...f5, 25...Bxg4}) 25. Kb1 Rd8 26. Rc1 $2
(26. Rxd8+ Qxd8 27. Bd3 $15 (27. Bd3 {Schulz,A} Qb6 $19)) (26. Rd4 Qb6) 26...
Qc5 $17 27. a3 a5 $1 28. Ka2 Qg5 29. Kb1 Qd2 30. h4 (30. Qb5 {Schulz,A} a4 31.
Qxa4 Rb8 $19) 30... Rb8 (30... Rb8 {Schulz,A} 31. Z0 $140 Bxb3 32. cxb3 Qb2#)
0-1